00744 a2200193 45000010006000000050017000060080041000230030015000640400040000790800051001192450031001700200018002012640035002193000019002545050152002730410008004251000018004338560099004514551920260407155727.0260407a1990 arg spa dAR-UNSa-BCEJYS aAR-UNSa-BCEJYSbspacAR-UNSa-BCEJYS a330.34.01xTeoría del desarrollo económico10aDesarrollo y subdesarrollo a84-281-0681-9 1aBuenos Aires :bPaidósc1990 a39 cm.c18 cm. a1. Introducción – 2. La teoría de la regularidad del desarrollo – 3. La teoría del subdesarrollo – 4. Las aportaciones del neomarxismo. aspa1 aAlbani, Paolo41uhttps://www.biblioeco.unsa.edu.ar/pmb/images/libros/L127131.jpgyImagen de portadaqimage/jpeg